000 00250nam a2200097Ia 4500
001 689781
005 20250826161803.0
008 250824s9999 xx 000 0 und d
245 0 _aUĞULTULU TEPELER
_cEMİLY BRONTE
260 _bANTİK DÜNYA KLASİKLERİ
999 _c689781
_d689781